UBT Library

Situation Ethics (Record no. 55046)

000 -LEADER
fixed length control field 00282nam a22001337a 4500
008 - FIXED-LENGTH DATA ELEMENTS--GENERAL INFORMATION
fixed length control field 200205b ||||| |||| 00| 0 eng d
041 ## - LANGUAGE CODE
Language code of text/sound track or separate title eng
080 ## - UNIVERSAL DECIMAL CLASSIFICATION NUMBER
Edition identifier 340
Universal Decimal Classification number 340
082 ## - DEWEY DECIMAL CLASSIFICATION NUMBER
Classification number 340
100 ## - Rafti
Rafti 13
101 ## - Shkurtesa
Shkurtesa JUR
245 ## - TITLE STATEMENT
Title Situation Ethics
Statement of responsibility, etc Fletcher,J
942 ## - ADDED ENTRY ELEMENTS (KOHA)
Source of classification or shelving scheme
Item type Books
Holdings
Withdrawn status Lost status Source of classification or shelving scheme Damaged status Not for loan Collection code Permanent location Current location Shelving location Date acquired Total Checkouts Full call number Barcode Date last seen Price effective from Koha item type
          Koleksioni i përgjithshem UBT - Lipjan UBT - Lipjan Koleksioni i përgjithshem 02/05/2020   340 FLE 002-7000190 02/05/2020 02/05/2020 Books
UBT Library © 2015-2024. All rights reserved University Education for Business and Technology